10 Największych Gospodarek Europy - Statystyki

Ogólne statystyki
  • Ten quiz został rozwiązany 79 razy
  • Średni wynik to 9 z 10
Statystyki odpowiedzi
PKB Państwa % Poprawnych
5687 bil Niemcy
100%
1801 bil Polska
100%
3988 bil Francja
99%
2516 bil Hiszpania
99%
4029 bil Wielka Brytania
99%
3347 bil Włochy
99%
4214 bil Rosja
(Europejska Część)
97%
1329 bil Holandia
89%
818 bil Szwajcaria
86%
818 bil Rumunia
55%
Nie znaleziono quizów pasujących do podanych kryteriów
Rozkład punktacji
Procent ludzi z każdym wynikiem
Percentyl według liczby udzielonych odpowiedzi
Twoja historia wyników
Nie rozwiązałeś tego quizu